Riadenie ponuky

Možnosti riadenia ponuky a riadenia dodávateľského reťazca. Optimalizácia dodávateľského reťazca (SCM Supply Chain Management). Kvantitatívne a kvalitatívne možnosti riadenia dodávateľského reťazca, riadenia ponuky. Technologická podpora riadenia ponuky.

Guardado en:
Detalles Bibliográficos
Autor principal: Kita, Pavol
Otros Autores: Reiff, Marian, 1978-
Formato: Capítulo de libro
Lenguaje:eslovaco
Materias:
Etiquetas: Agregar Etiqueta
Sin Etiquetas, Sea el primero en etiquetar este registro!

MARC

LEADER 00000naa$a2200000$$$4500
001 0075553
005 20240502071903.4
041 0 |a slo 
044 |a SK 
245 1 0 |a Riadenie ponuky  |c Pavol Kita, Marian Reiff 
520 |a Možnosti riadenia ponuky a riadenia dodávateľského reťazca. Optimalizácia dodávateľského reťazca (SCM Supply Chain Management). Kvantitatívne a kvalitatívne možnosti riadenia dodávateľského reťazca, riadenia ponuky. Technologická podpora riadenia ponuky. 
610 2 0 |a dopyt spotrebiteľský 
610 2 0 |a ponuka 
610 2 0 |a reťazce dodávateľsko-odberateľské 
610 2 0 |a tok tovaru 
610 2 0 |a konkurencieschopnosť 
100 1 |a Kita, Pavol 
700 1 |a Reiff, Marian, 1978-